Development of animal production systems / (Record no. 627)
[ view plain ]
| 000 -LEADER | |
|---|---|
| fixed length control field | 00820nam a2200241 a 4500 |
| 001 - CONTROL NUMBER | |
| control field | b000345 |
| 005 - DATE AND TIME OF LATEST TRANSACTION | |
| control field | 20121207142826.0 |
| 008 - FIXED-LENGTH DATA ELEMENTS--GENERAL INFORMATION | |
| fixed length control field | 120920s1984 ne a b 001 0 eng |
| 035 ## - SYSTEM CONTROL NUMBER | |
| -- | (DLC) 81017446 |
| 010 ## - LIBRARY OF CONGRESS CONTROL NUMBER | |
| LC control number | 81017446 |
| 020 ## - INTERNATIONAL STANDARD BOOK NUMBER | |
| International Standard Book Number | 0444420509 |
| 040 ## - CATALOGING SOURCE | |
| Original cataloging agency | DLC |
| Transcribing agency | DLC |
| Modifying agency | DLC |
| -- | BD-chVAS |
| 050 00 - LIBRARY OF CONGRESS CALL NUMBER | |
| Classification number | SF61 |
| Item number | .D48 1984 |
| 082 00 - DEWEY DECIMAL CLASSIFICATION NUMBER | |
| Classification number | 636.5 HUP |
| 245 00 - TITLE STATEMENT | |
| Title | Development of animal production systems / |
| Statement of responsibility, etc | edited by Barry Nestel. |
| 260 ## - PUBLICATION, DISTRIBUTION, ETC. (IMPRINT) | |
| Place of publication, distribution, etc | Amsterdam ; |
| -- | New York : |
| Name of publisher, distributor, etc | Elsevier ; |
| Place of publication, distribution, etc | New York, NY : |
| Name of publisher, distributor, etc | Distributors for the U.S. and Canada, Elsevier Science Pub. Co., |
| Date of publication, distribution, etc | 1984. |
| 300 ## - PHYSICAL DESCRIPTION | |
| Extent | xv, 435 p. : |
| Other physical details | ill. ; |
| Dimensions | 30 cm. |
| 440 #0 - SERIES STATEMENT/ADDED ENTRY--TITLE | |
| Title | World animal science. |
| Number of part/section of a work | A, |
| Name of part/section of a work | Basic information ; |
| Volume number/sequential designation | 2 |
| 504 ## - BIBLIOGRAPHY, ETC. NOTE | |
| Bibliography, etc | Includes bibliographies and index. |
| 650 #0 - SUBJECT ADDED ENTRY--TOPICAL TERM | |
| Topical term or geographic name as entry element | Livestock. |
| 650 #0 - SUBJECT ADDED ENTRY--TOPICAL TERM | |
| Topical term or geographic name as entry element | Animal industry. |
| 700 1# - ADDED ENTRY--PERSONAL NAME | |
| Personal name | Nestel, Barry L. |
No items available.